Catálogo
 En Linea

Producción apícola. (Registro nro. 29114)

Detalles MARC
000 -CABECERA
campo de control de longitud fija 00516nam a2200169 a 4500
001 - NÚMERO DE CONTROL
campo de control 000029622
005 - FECHA Y HORA DE LA ÚLTIMA TRANSACCIÓN
campo de control 20200930055702.0
008 - DATOS DE LONGITUD FIJA--INFORMACIÓN GENERAL
campo de control de longitud fija 110419s198? dr ac 000 0 spa d
040 ## - FUENTE DE LA CATALOGACIÓN
Centro catalogador/agencia de origen DO-SdBNP
Lengua de catalogación spa
Centro/agencia transcriptor BNPHU
082 ## - NÚMERO DE LA CLASIFICACIÓN DECIMAL DEWEY
Número de clasificación xxxx
Número de documento/Ítem P964a
245 00 - MENCIÓN DE TÍTULO
Título Producción apícola.
260 ## - PUBLICACIÓN, DISTRIBUCIÓN, ETC.
Lugar de publicación, distribución, etc. Santo Domingo :
Nombre del editor, distribuidor, etc. Funadción de Desarrollo Agropecuario :,
Fecha de publicación, distribución, etc. [198?].
300 ## - DESCRIPCIÓN FÍSICA
Extensión 60 p. ;
Dimensiones 28 cm.
490 1# - MENCIÓN DE SERIE
Mención de serie Guía técnica
Designación de volumen o secuencia 2 .
Mención de serie Pecuaria
504 ## - NOTA DE BIBLIOGRAFÍA, ETC.
Nota de bibliografía, etc. Bibliogarfía: p. 59-60
830 #0 - PUNTO DE ACCESO ADICIONAL DE SERIE-TÍTULO UNIFORME
Título uniforme Guía técnica
Designación de volumen o secuencia 2 .
Nombre de parte o sección de la obra Pecuaria
9 (RLIN) 56440
Existencias
Estado de retiro Estado de pérdida No para préstamo Código de colección Localización permanente Ubicación/localización actual Ubicación en estantería Fecha de adquisición Número de inventario Total de préstamos Signatura topográfica completa Código de barras Fecha visto por última vez Precio válido a partir de Tipo de ítem Koha
    Excluido de préstamo Patrimonio Dominicano Patrimonio Dominicano Patrimonio Dominicano En catalogación 19.04.2011 LF1   xxxx P964a 29622-10 25.06.2020 25.06.2020 Libro y Folleto Colección Patrimonio Dominicano

Con tecnología Koha